000 00354cam a2200145ua 4500
041 _aeng
_h
082 _a828.09
_bROD/RO
100 _aRoadway, Allan .
245 _aRomantic conflict /
_cAllan Roadway.
_hTextual Documents
260 _aLondon :
_bChatto and Windus ,
_c1963.
300 _a256 ; .
504 _a
942 _cBK
999 _c5337
_d5337